Tate McRae top 15 songs - Statistics

General Stats
  • This quiz has been taken 46 times
  • The average score is 6 of 15
Answer Stats
Order Answer % Correct
1 greedy
87%
2 you broke me first
74%
5 sports car
66%
3 its ok im ok
53%
4 shes all i wanna be
53%
10 revolving door
47%
7 2 hands
39%
13 10:35
29%
15 greenlight
21%
14 I know love
21%
6 chaotic
18%
8 rubberband
18%
12 bloodonmyhands
13%
11 feel like shit
8%
9 what would you do
8%
No matching quizzes found
Score Distribution
Percent of People with Each Score
Percentile by Number Answered
Your Score History
You have not taken this quiz